01516cam a22003614i 4500003000900000005001700009008004100026035001900067040003300086082001900119100002900138245014900167264010600316300003800422336002100460337002500481338002300506500003100529504002800560505044500588526001001033526001001043526001001053526001001063526000801073526000801081526000801089526000801097526000801105526000801113526000801121650002501129PE-LiUPU20250731173101.0150623s1996 gs rb 000 0 eng d a(Sirsi) a24549 aPE-LiUPUbspacPE-LiUPUerda04a262.1bP542211 aPierson, Robert,eautor.10aSo you want to be a leader! :ba spiritual, human relations, and promotional approach to church leadership and administration /cRobert Pierson. 1aAtlanta, Georgia :bThe Ministerial Association, General Conference of Seventh-Day Adventists,c1996. a124 páginas ;c21 centímetros atext2rdacontent aunmediated2rdamedia avolume2rdacarrier aotra ed. : 1966 No. 49938. aIncluye bibliografía.0 aWhy does the church need leaders? -- Do you truly measure up? -- Do you know where you are going and whay? -- How do you get along whith people? -- Can you really lead men? -- Can You put yourself in the other man's dhoes? -- What kind of committee chairman are you? -- Do you know to make decisions? -- Can you promote? -- How do you budget your time -- How do you fare when the going is rough? -- Can you have confidence in your leaders?. aSEG42 aSEG41 aSEG40 aSEG39 aP94 aP87 aP86 aP85 aP77 aP76 aP3504aLiderazgo cristiano.